000 00618nam a2200229Ia 4500
003 OSt
005 20220928141140.0
006 a|||||r|||| 00| 0
007 ta
008 220927b |||||||| |||| 00| 0 eng d
024 _a13870
037 _cTextual
040 _aSDCL
_cSDCL
_beng
041 _2eng
_aeng
082 _aX:8:(D6,8(B)), P2
100 _aMyers Michael D
_9499242
245 0 _aQualitative research in information systems
260 _c2002
700 _a Avison David
_9499243
942 _hX:8:(D6,8(B)), P2
_cTEXL
_2CC
999 _c816279
_d816279